Modelos econométricos

Guardado en:
Detalles Bibliográficos
Autor principal: Pindyck, Robert S (Autor)
Otros Autores: Rubinfeld, Daniel L (autor)
Formato: Libro
Lenguaje:español
Publicado: Barcelona Labor 1980
Colección:Labor Universitaria Manuales
Materias:
Etiquetas: Agregar Etiqueta
Sin Etiquetas, Sea el primero en etiquetar este registro!

MARC

LEADER 00000nam a2200000 a 4500
001 UCV6904
003 CL-VaPUC
008 930402e19800000SP |||||||||||||||||spa|d
082 0 4 |a 330.015  |b PIN  |2 21 
100 0 |a Pindyck, Robert S  |e author  |9 300911 
700 |a Rubinfeld, Daniel L  |e autor  |9 300912 
245 1 0 |a Modelos econométricos 
300 |a 638 p 
942 |c BK 
945 |d 19930402 00:00:00 
260 |a Barcelona  |b Labor  |c 1980 
650 0 |a Econometría   |9 261029 
650 0 |a Análisis de regresión   |9 263763 
650 0 |a Modelos matemáticos   |9 259437 
650 7 |a METODOS DE SIMULACION  |2 CL-VaPUC  |9 260497 
650 0 |a Análisis de series de tiempo   |9 260363 
583 |a last modification  |c 19930402 00:00:00  |k Rodrigo Vera 
490 0 |a Labor Universitaria Manuales 
999 |c 212719  |d 212717 
952 |0 0  |1 0  |4 0  |6 330_015000000000000_PIN_1980  |7 0  |8 A  |9 194184  |a BIBING  |b BIBING  |d 2019-11-14  |i 2623498  |o 330.015 PIN 1980  |p 2623498  |r 2025-01-20  |w 2019-11-14  |y BK  |k EII 
952 |0 0  |1 0  |4 0  |6 330_015000000000000_PIN_1980  |7 0  |8 A  |9 194185  |a BIBING  |b BIBING  |d 2019-11-14  |i 1641158  |o 330.015 PIN 1980  |p 1641158  |r 2025-01-20  |w 2019-11-14  |y BK  |k ING 
952 |0 0  |1 0  |4 0  |6 330_015000000000000_PIN_1980  |7 0  |8 A  |9 194186  |a BIBGIM  |b BIBGIM  |d 2019-11-14  |i 1982419  |o 330.015 PIN 1980  |p 1982419  |r 2025-01-15  |w 2019-11-14  |y BK  |k COM 
952 |0 0  |1 0  |4 0  |6 330_015000000000000_PIN_1980  |7 0  |8 A  |9 194187  |a BIBENE  |b BIBENE  |d 2019-11-14  |i 198246K  |o 330.015 PIN 1980  |p 198246K  |r 2025-01-15  |w 2019-11-14  |y BK  |k ICO